000 00558cam a2200169 4500500
005 20260405001919.0
041 _afre
042 _adc
100 1 0 _aPortevin, Catherine
_eauthor
245 0 0 _aPendant que j’y pense / décembre-janvier
260 _c2014.
500 _a52
690 _aFrédéric Worms
690 _aMyriam Revault d’Allonnes
786 0 _nPhilosophie magazine | 85 | 12-1 | 2014-12-01 | p. 78-78 | 1951-1787
856 4 1 _uhttps://shs.cairn.info/magazine-philosophie-magazine-2014-12-1-page-78?lang=fr&redirect-ssocas=7080
999 _c2052325
_d2052325